| 000 | 00620nam a22001697a 4500 | ||
|---|---|---|---|
| 003 | BD-DhUL | ||
| 005 | 20161013172058.0 | ||
| 008 | 161013s2006 bg ||||| |||| 00| 0 ben | ||
| 040 |
_aBD-DhUL _cBD-DhUL |
||
| 082 |
_a509 _bSHB |
||
| 100 | 1 | _a শ্যামল, নাজমুল হক | |
| 245 | 1 | 0 |
_aবিজ্ঞানে মুসলমানদের অবদান / _cনাজমুল হক শ্যামল |
| 260 |
_aঢাকা : _bমেলা, _c২০০৬. |
||
| 300 |
_a৬২ পৃ. ; _c২২ সেমি. |
||
| 650 | 0 | _aবিজ্ঞানী - জীবনী | |
| 942 |
_2ddc _cBK |
||
| 999 |
_c108894 _d108894 |
||